000
00316nam a2200145Ia 4500
100
_a
McClain/ Gary R
942
_c
BK
654
_a
Computer
245
_a
Open Systems Interconnection Handbook
260
_b
Mc Graw Hill
_a
NONE
_c
1990
082
_a
4.65
_b
CCD
300
_a
393
546
_a
ENGLISH
999
_c
33240
_d
33240